[Event "4NCL 2014-15"]
[Site "Hinckley Island ENG"]
[Date "2015.03.28"]
[Round "7.161"]
[White "Howell, David W L"]
[Black "Fodor, Tamas Jr."]
[Result "1/2-1/2"]
[WhiteTitle "GM"]
[BlackTitle "GM"]
[WhiteElo "2670"]
[BlackElo "2486"]
[WhiteTeam "Cheddleton 1"]
[BlackTeam "Hackney 1"]
[WhiteFideId "410608"]
[BlackFideId "723762"]
[EventDate "2014.11.15"]

1. c4 c5 2. Nf3 Nc6 3. d4 cxd4 4. Nxd4 g6 5. e4 Bg7 6. Be3 Nf6 7. Nc3 d6 8. f3
O-O 9. Be2 a6 10. O-O Nxd4 11. Bxd4 Be6 12. f4 Rc8 13. b3 Ne8 14. Kh1 Bd7 15. a4
Bxd4 16. Qxd4 a5 17. Rad1 Ng7 18. Nd5 Bc6 19. Bg4 Rb8 20. f5 Bxd5 21. Qxd5 Qb6
22. f6 exf6 23. Rxf6 Rbe8 24. Rdf1 Re7 25. Qxd6 Qxd6 26. Rxd6 Rxe4 27. h3 Re7
28. Rd5 h5 29. Bd7 b6 30. Rf6 Rb8 31. Kg1 Re3 32. Rf3 Rxf3 33. gxf3 Rd8 34. Bc6
Rxd5 35. Bxd5 Nf5 36. Kf2 Nd4 37. c5 bxc5 38. Ke3 Kf8 39. Kd3 Ke7 40. Kc4 Kd6
41. Bxf7 Nxf3 42. Kb5 Ne5 43. Bg8 g5 44. Bh7 Nc6 45. Be4 Nd4+ 46. Kxa5 g4 47.
hxg4 hxg4 48. Bg2 Nxb3+ 49. Kb5 Nd4+ 50. Kc4 Nc2 51. Bh1 g3 52. a5 Ne3+ 53. Kb5
g2 54. Bxg2 Nxg2 55. a6 Nf4 56. a7 Ne6 57. a8=N Kd5 58. Nb6+ Kd4 59. Ka4 1/2-1/2

[Event "4NCL 2014-15"]
[Site "Hinckley Island ENG"]
[Date "2015.03.28"]
[Round "7.162"]
[White "Suarez Garcia, Carlos"]
[Black "Hawkins, Jonathan"]
[Result "0-1"]
[WhiteTitle "FM"]
[BlackTitle "GM"]
[WhiteElo "2376"]
[BlackElo "2550"]
[WhiteTeam "Hackney 1"]
[BlackTeam "Cheddleton 1"]
[WhiteFideId "22230858"]
[BlackFideId "412686"]
[EventDate "2014.11.15"]

1. e4 e6 2. Qe2 c5 3. g3 Nc6 4. Nf3 g6 5. Bg2 Bg7 6. O-O Nge7 7. d3 O-O 8. Re1
d5 9. e5 Nf5 10. c3 Bd7 11. h4 f6 12. exf6 Qxf6 13. Bf4 Nxh4 14. Nxh4 g5 15. Bd6
gxh4 16. Bxf8 Rxf8 17. Nd2 Ne5 18. Rf1 Qg6 19. f4 Qxd3 20. Qxd3 Nxd3 21. Rf3 c4
22. Bf1 Nxb2 23. Rb1 d4 24. Nxc4 dxc3 25. Nxb2 Bc6 26. Rd3 cxb2 27. Bg2 Ba4 28.
Rd2 hxg3 29. Bxb7 Rxf4 30. Bc8 Kf7 0-1

[Event "4NCL 2014-15"]
[Site "Hinckley Island ENG"]
[Date "2015.03.28"]
[Round "7.163"]
[White "Arkell, Keith C"]
[Black "Eames, Robert S"]
[Result "1-0"]
[WhiteTitle "GM"]
[BlackTitle "FM"]
[WhiteElo "2497"]
[BlackElo "2237"]
[WhiteTeam "Cheddleton 1"]
[BlackTeam "Hackney 1"]
[WhiteFideId "400270"]
[BlackFideId "408743"]
[EventDate "2014.11.15"]

1. d4 d6 2. g3 g6 3. Bg2 Bg7 4. c4 Nf6 5. Nf3 O-O 6. O-O Nc6 7. Nc3 a6 8. b3 Rb8
9. Nd5 Nd7 10. Bb2 e6 11. Nc3 b5 12. d5 Ne7 13. dxe6 fxe6 14. cxb5 axb5 15. Nd4
Nc5 16. b4 Na6 17. a3 c5 18. bxc5 dxc5 19. Nf3 Qa5 20. Qc2 b4 21. Ne4 b3 22. Qc1
Nd5 23. Bxg7 Kxg7 24. Qb2+ Kg8 25. Ne5 Qc7 26. Rac1 Rf5 27. Nc4 Bd7 28. Rfd1 Ba4
29. Ned6 Rh5 30. Bf3 Qe7 31. Bxh5 gxh5 32. e4 Nf6 33. Rd2 Bc6 34. Qe5 Ng4 35.
Qxh5 Qg7 36. h3 b2 37. Rb1 Nf6 38. Qe5 Nc7 39. Rdxb2 Rf8 40. Rb8 Nd7 41. Qxg7+
Kxg7 42. Rxf8 Kxf8 43. f3 e5 44. Na5 Ba4 45. Rb7 Ne6 46. Kf2 Nd4 47. Ndc4 1-0

[Event "4NCL 2014-15"]
[Site "Hinckley Island ENG"]
[Date "2015.03.28"]
[Round "7.164"]
[White "Lyell, Mark"]
[Black "Hamitevici, Vladimir"]
[Result "1-0"]
[WhiteTitle "FM"]
[BlackTitle "IM"]
[WhiteElo "2256"]
[BlackElo "2446"]
[WhiteTeam "Hackney 1"]
[BlackTeam "Cheddleton 1"]
[WhiteFideId "402354"]
[BlackFideId "13902393"]
[EventDate "2014.11.15"]

1. e4 c5 2. Nc3 a6 3. g3 b5 4. Bg2 Bb7 5. f4 e6 6. d3 d5 7. exd5 exd5 8. Nf3 Nf6
9. O-O Be7 10. d4 Nc6 11. Kh1 c4 12. Ne5 O-O 13. Be3 b4 14. Nb1 Qb6 15. Nd2 Rad8
16. c3 Ne8 17. Qf3 Na5 18. Rae1 f6 19. Ng4 f5 20. Ne5 Nf6 21. Qe2 Bc8 22. h3 Qb5
23. g4 Bd6 24. Bf3 bxc3 25. bxc3 Qb2 26. g5 Ne4 27. Nxe4 Qxe2 28. Bxe2 fxe4 29.
Bg4 Bf5 30. Bxf5 Rxf5 31. Rb1 Bc7 32. Kg2 Kf8 33. Kf2 Ke7 34. Bc1 Ke6 35. Ke3 h6
36. gxh6 g5 37. Ba3 gxf4+ 38. Rxf4 Rh5 39. h4 Rxh6 40. Bf8 Rh7 41. Rbf1 Bxe5 42.
dxe5 Nc6 43. Rf6+ Kd7 44. e6+ Kc8 45. R1f4 Re8 46. Bd6 Rhh8 47. Rf8 Kd8 48. Rxh8
Rxh8 49. h5 Ke8 50. Rf7 d4+ 51. cxd4 c3 52. Rc7 1-0

[Event "4NCL 2014-15"]
[Site "Hinckley Island ENG"]
[Date "2015.03.28"]
[Round "7.165"]
[White "Williams, Simon K"]
[Black "Cenal Gutierrez, Ruben"]
[Result "0-1"]
[WhiteTitle "GM"]
[BlackTitle "FM"]
[WhiteElo "2429"]
[BlackElo "2216"]
[WhiteTeam "Cheddleton 1"]
[BlackTeam "Hackney 1"]
[WhiteFideId "404454"]
[BlackFideId "2211750"]
[EventDate "2014.11.15"]

1. d4 e6 2. Nf3 Nf6 3. c4 d5 4. Nc3 Be7 5. Bf4 O-O 6. e3 c6 7. Qc2 b6 8. h4 Nbd7
9. O-O-O Bb7 10. Ng5 Re8 11. e4 dxe4 12. Ncxe4 Nxe4 13. Qxe4 Nf8 14. Bd3 Qc8 15.
Qf3 c5 16. Qh5 g6 17. Qh6 Bf6 18. h5 Bg7 19. hxg6 fxg6 20. Bxg6 Bxh6 21. Bf7+
Kh8 22. Be5+ Bg7 23. Rxh7+ Nxh7 24. Rh1 Be4 0-1

[Event "4NCL 2014-15"]
[Site "Hinckley Island ENG"]
[Date "2015.03.28"]
[Round "7.166"]
[White "Eden, Tomer"]
[Black "Eggleston, David J"]
[Result "1/2-1/2"]
[BlackTitle "IM"]
[WhiteElo "2175"]
[BlackElo "2424"]
[WhiteTeam "Hackney 1"]
[BlackTeam "Cheddleton 1"]
[WhiteFideId "2808439"]
[BlackFideId "412120"]
[EventDate "2014.11.15"]

1. d4 Nf6 2. c4 e6 3. g3 d5 4. Nf3 Be7 5. Bg2 O-O 6. O-O dxc4 7. Qc2 a6 8. a4
Bd7 9. Qxc4 Bc6 10. Bg5 Bd5 11. Qd3 c5 12. Bxf6 Bxf6 13. e4 Bc6 14. e5 Be7 15.
Nc3 cxd4 16. Qxd4 Qxd4 17. Nxd4 Bxg2 18. Kxg2 Nd7 19. f4 Rfd8 20. Rfd1 Rac8 21.
Nb3 Bb4 22. Rd3 Nb6 23. Rxd8+ Rxd8 24. a5 Nd5 25. Nxd5 Rxd5 26. Rc1 Bf8 27. Rc3
g5 28. Kh3 gxf4 29. gxf4 Rb5 30. Kg4 Bh6 31. Rc8+ Kg7 32. Nd4 Rd5 33. Ne2 Rd7
34. Ng3 f5+ 35. exf6+ Kxf6 36. Ne4+ Kf7 37. Nc5 Rd4 38. Rc7+ Kf6 39. Rxb7 Bxf4
40. Nxa6 Bxh2+ 41. Kf3 Bd6 42. Rxh7 Rd3+ 43. Ke4 Rb3 44. Rd7 Be5 45. Rd1 Bxb2
46. Rb1 Rb5 1/2-1/2

[Event "4NCL 2014-15"]
[Site "Hinckley Island ENG"]
[Date "2015.03.28"]
[Round "7.167"]
[White "Kirk, Ezra"]
[Black "Holes, Michal"]
[Result "1-0"]
[WhiteElo "2344"]
[BlackElo "2041"]
[WhiteTeam "Cheddleton 1"]
[BlackTeam "Hackney 1"]
[WhiteFideId "600067"]
[BlackFideId "329142"]
[EventDate "2014.11.15"]

1. d4 Nf6 2. c4 g6 3. Nc3 Bg7 4. e4 d6 5. Nf3 O-O 6. Be2 c6 7. O-O Nbd7 8. Qc2
Qc7 9. Rd1 e5 10. d5 cxd5 11. cxd5 Nc5 12. Nd2 Bd7 13. a4 Rac8 14. Qb1 Nh5 15.
Bxh5 gxh5 16. Nb5 Qb8 17. Nc4 Bxb5 18. axb5 Nb3 19. Ra4 Nd4 20. b6 axb6 21. Nxb6
Rxc1 22. Rxc1 Ne2+ 23. Kh1 Nxc1 24. Qxc1 Qd8 25. Qe3 f5 26. exf5 Qf6 27. Qe4 Qg5
28. Qc2 Rxf5 29. Ra8+ Bf8 30. h3 Rf7 31. f3 Qe3 32. Nc4 Qe1+ 33. Kh2 h4 34. Qd2
Qg3+ 35. Kh1 e4 36. f4 Rxf4 37. Ne3 Qf2 38. Qc3 Rf7 39. Re8 Qf6 40. Qxf6 Rxf6
41. Rxe4 Bh6 42. Kg1 Bf4 43. Nf1 Be5 44. b3 Bg3 45. Rg4+ Kf7 46. Nxg3 hxg3 47.
Rxg3 Rf5 48. Rc3 b5 49. Rd3 Kf6 50. Rd4 h5 51. Kh2 Rg5 52. g4 hxg4 53. hxg4 Re5
54. Kg3 Re3+ 55. Kf4 Rxb3 56. Re4 Rd3 57. Re6+ Kf7 58. Rxd6 Rd4+ 59. Ke5 Rxg4
60. Rd7+ Ke8 61. Kd6 Rc4 62. Rb7 Rc8 63. Rxb5 Ra8 64. Ke6 Kd8 65. d6 Kc8 66. Rh5
Ra6 67. Rh8+ Kb7 68. Ke7 Ra1 69. d7 Re1+ 70. Kf6 1-0

[Event "4NCL 2014-15"]
[Site "Hinckley Island ENG"]
[Date "2015.03.28"]
[Round "7.168"]
[White "Yurenok, Maria S"]
[Black "Steil-Antoni, Fiona"]
[Result "1/2-1/2"]
[WhiteTitle "WFM"]
[BlackTitle "WIM"]
[WhiteElo "2017"]
[BlackElo "2095"]
[WhiteTeam "Hackney 1"]
[BlackTeam "Cheddleton 1"]
[WhiteFideId "409359"]
[BlackFideId "4001249"]
[EventDate "2014.11.15"]

1. d4 d5 2. Nf3 Nf6 3. c4 e6 4. e3 Be7 5. Nbd2 O-O 6. b3 c5 7. Bd3 Nc6 8. dxc5
Bxc5 9. Bb2 Nb4 10. Bb1 dxc4 11. Nxc4 Qxd1+ 12. Kxd1 Rd8+ 13. Ke2 b6 14. a3 Nc6
15. b4 Ba6 16. Rc1 Bf8 17. Bd3 Ne7 18. Nd4 Bb7 19. f3 Ned5 20. g3 Nd7 21. e4
N5f6 22. Nb3 Ne8 23. Rc2 f6 24. Rac1 Kf7 25. f4 g6 26. Ne3 a6 27. Nc4 Nd6 28.
Nxd6+ Bxd6 29. Rc3 e5 30. f5 gxf5 31. exf5 Ke7 32. Nd2 a5 33. bxa5 Nc5 34. axb6
Nxd3 35. Rxd3 Ba6 36. Nc4 Bc5 37. Rxd8 Rxd8 38. Ke1 Bxc4 39. Rxc4 Bxb6 40. Bc3
Rd3 41. Bb4+ Kf7 42. Rc6 Bd4 43. Rc7+ Kg8 44. Rc8+ Kg7 45. g4 Rb3 46. h4 Rg3 47.
Rc7+ Kg8 48. Rc8+ Kg7 49. Rc7+ Kg8 50. Rc8+ Kg7 1/2-1/2

[Event "4NCL 2014-15"]
[Site "Hinckley Island ENG"]
[Date "2015.03.28"]
[Round "7.171"]
[White "Ghasi, Ameet K"]
[Black "Haria, Ravi"]
[Result "0-1"]
[WhiteTitle "IM"]
[WhiteElo "2471"]
[BlackElo "2132"]
[WhiteTeam "Grantham Sharks 1"]
[BlackTeam "Cambridge University 1"]
[WhiteFideId "409200"]
[BlackFideId "415820"]
[EventDate "2014.11.15"]

1. Nf3 Nf6 2. g3 e6 3. Bg2 d5 4. O-O Be7 5. d3 c5 6. Nbd2 Nc6 7. e4 b6 8. Re1
Bb7 9. c3 Qc7 10. Qe2 b5 11. e5 Nd7 12. h4 h6 13. Nf1 a5 14. d4 b4 15. Bf4 Ba6
16. Qd1 Nb6 17. Rc1 c4 18. Ra1 Qd7 19. Ne3 Na7 20. Qd2 Nb5 21. Rec1 Rb8 22. Bf1
Na4 23. Nd1 Rb7 24. Qc2 Nb6 25. b3 Rc7 26. a4 bxa3 27. bxc4 dxc4 28. h5 Bb7 29.
Bg2 Nd5 30. Bd2 O-O 31. Rab1 Rb8 32. Ne3 Nxe3 33. fxe3 Bc6 34. Ra1 Rcb7 35. Qa2
Bd5 36. e4 Bxe4 37. Qxc4 Rc7 38. Qe2 Bh7 39. Qe3 Rbc8 40. Bf1 Na7 41. c4 Nc6 42.
g4 Nb4 43. Qf2 Qa4 44. g5 hxg5 45. Nxg5 Bxg5 46. Bxg5 Qb3 47. Qg2 Qb2 48. Rd1
Qxg2+ 49. Bxg2 Nc2 50. d5 Nxa1 51. d6 Rd7 52. Rxa1 Rxc4 53. Be7 f6 54. Bd5 exd5
55. e6 Bf5 56. exd7 Bxd7 57. Rxa3 a4 58. Rf3 Kh7 59. Bf8 Rh4 60. Rc3 Rc4 61. Re3
Re4 62. Rc3 Kg8 63. Be7 Kf7 64. h6 gxh6 65. Rf3 f5 66. Rh3 Kg6 67. Bf8 h5 68.
Kf2 f4 69. Rd3 d4 70. Rd1 Kf5 71. Rg1 d3 72. Rg7 d2 73. Rf7+ Ke6 74. Re7+ Kd5 0-1

[Event "4NCL 2014-15"]
[Site "Hinckley Island ENG"]
[Date "2015.03.28"]
[Round "7.172"]
[White "Bisby, Daniel L"]
[Black "Roberson, Peter T"]
[Result "0-1"]
[WhiteTitle "FM"]
[BlackTitle "IM"]
[WhiteElo "2318"]
[BlackElo "2406"]
[WhiteTeam "Cambridge University 1"]
[BlackTeam "Grantham Sharks 1"]
[WhiteFideId "404586"]
[BlackFideId "412384"]
[EventDate "2014.11.15"]

1. e4 e6 2. d4 d5 3. Nd2 c5 4. Ngf3 cxd4 5. exd5 Qxd5 6. Bc4 Qd6 7. O-O Nf6 8.
Nb3 Nc6 9. Nbxd4 Nxd4 10. Nxd4 a6 11. c3 Qc7 12. Qe2 Bd6 13. h3 O-O 14. Bg5 Ne4
15. Be3 b5 16. Bd3 Bb7 17. Qc2 Nf6 18. Bg5 Kh8 19. Rfe1 Be5 20. Bxf6 Bxf6 21.
Bxh7 e5 22. Qf5 exd4 23. cxd4 Qc6 24. Re4 Qxe4 0-1

[Event "4NCL 2014-15"]
[Site "Hinckley Island ENG"]
[Date "2015.03.28"]
[Round "7.173"]
[White "Rendle, Thomas E"]
[Black "Lee, Richard W Y"]
[Result "1/2-1/2"]
[WhiteTitle "IM"]
[WhiteElo "2378"]
[BlackElo "2147"]
[WhiteTeam "Grantham Sharks 1"]
[BlackTeam "Cambridge University 1"]
[WhiteFideId "408760"]
[BlackFideId "418781"]
[EventDate "2014.11.15"]

1. e4 c5 2. d3 Nc6 3. f4 d6 4. Nf3 Nf6 5. Be2 e6 6. O-O Be7 7. Qe1 O-O 8. Kh1
Rb8 9. Nc3 Nd4 10. Bd1 b5 11. Nxd4 cxd4 12. Ne2 e5 13. Ng3 Ne8 14. Nf5 Bf6 15.
Bd2 Be6 16. fxe5 Bxe5 17. Qf2 Bxf5 18. Qxf5 Qf6 19. Bg4 Qxf5 20. Bxf5 Nc7 21.
Bd7 Rfd8 22. Bg4 Ne6 23. Rf2 Rdc8 24. Raf1 Bf6 25. Bd1 Rb7 26. Rf5 Be5 27. g3
Rc6 28. a3 Rc8 29. Kg2 Ra8 30. Ba5 Rc8 31. h4 g6 32. R5f2 h5 33. Bd2 Kg7 34. Rh1
Rh8 35. Rhf1 Rc8 36. Rh1 Rh8 37. Rhf1 1/2-1/2

[Event "4NCL 2014-15"]
[Site "Hinckley Island ENG"]
[Date "2015.03.28"]
[Round "7.174"]
[White "McClement, Andrew"]
[Black "Grund, Holger"]
[Result "1/2-1/2"]
[WhiteElo "2202"]
[BlackElo "2404"]
[WhiteTeam "Cambridge University 1"]
[BlackTeam "Grantham Sharks 1"]
[WhiteFideId "2400480"]
[BlackFideId "4624475"]
[EventDate "2014.11.15"]

1. Nf3 d5 2. c4 c6 3. g3 Nf6 4. Bg2 Bg4 5. Ne5 Bf5 6. cxd5 cxd5 7. Nc3 Nbd7 8.
Qa4 e6 9. d4 a6 10. Bg5 b5 11. Qb3 Rc8 12. e4 dxe4 13. Nxe4 Be7 14. Bxf6 Nxf6
15. Nxf6+ gxf6 16. Nc6 Qd6 17. Nxe7 Kxe7 18. O-O Qxd4 19. Bb7 Bc2 20. Qa3+ b4
21. Qxa6 Bd3 22. Qa5 Bxf1 23. Bxc8 Rxc8 24. Rxf1 Qxb2 25. Qb6 Rc1 26. Qb8 Rxf1+
27. Kxf1 Qb1+ 28. Kg2 Qe4+ 29. Kg1 Qd4 30. Kg2 h5 31. h4 f5 32. Kg1 Qa1+ 33. Kg2
Qd4 34. Kg1 Qe4 35. Qc7+ Ke8 36. Qc8+ Ke7 37. Qc7+ 1/2-1/2

[Event "4NCL 2014-15"]
[Site "Hinckley Island ENG"]
[Date "2015.03.28"]
[Round "7.175"]
[White "Bremner, Adam"]
[Black "Churm, Rohan M"]
[Result "1/2-1/2"]
[WhiteElo "2183"]
[BlackElo "2162"]
[WhiteTeam "Grantham Sharks 1"]
[BlackTeam "Cambridge University 1"]
[WhiteFideId "2400847"]
[BlackFideId "405566"]
[EventDate "2014.11.15"]

1. d4 d5 2. c4 c6 3. cxd5 cxd5 4. Bf4 Nc6 5. e3 Nf6 6. Nc3 Bf5 7. Qb3 Na5 8.
Qa4+ Bd7 9. Qc2 Rc8 10. Nf3 e6 11. Bd3 a6 12. a3 Be7 13. h3 Bb5 14. Bxb5+ axb5
15. Qe2 Nc4 16. O-O b4 17. axb4 Bxb4 18. Na4 O-O 19. b3 Nd6 20. Rfc1 Nfe4 21.
Ne1 b5 22. Bxd6 Rxc1 23. Rxc1 Nxd6 24. Nc5 Qa5 25. Ned3 Ra8 26. Qf3 Qa3 27. Rf1
Bxc5 28. Nxc5 Qb2 29. Qf4 Rd8 30. Qh4 Re8 31. Qf4 Rd8 32. Qg5 Re8 33. Qf4 1/2-1/2

[Event "4NCL 2014-15"]
[Site "Hinckley Island ENG"]
[Date "2015.03.28"]
[Round "7.176"]
[White "Karayiannis, Costas"]
[Black "Murphy, Hugh W"]
[Result "1-0"]
[WhiteElo "2161"]
[BlackElo "2167"]
[WhiteTeam "Cambridge University 1"]
[BlackTeam "Grantham Sharks 1"]
[WhiteFideId "405183"]
[BlackFideId "422444"]
[EventDate "2014.11.15"]

1. d4 d5 2. c4 e6 3. Nc3 Be7 4. cxd5 exd5 5. Bf4 c6 6. e3 Bd6 7. Bxd6 Qxd6 8.
Bd3 Nf6 9. Nge2 O-O 10. Ng3 Re8 11. O-O Ng4 12. Re1 Qf6 13. Qc2 Qh4 14. h3 Nxe3
15. Qd2 Be6 16. Rxe3 Nd7 17. Rae1 g6 18. Bb1 Nb6 19. b3 Nc8 20. Rf3 Kg7 21. Qf4
Qe7 22. Bf5 gxf5 23. Nxf5+ Bxf5 24. Rxe7 Nxe7 25. Re3 Bg6 26. g4 Ng8 27. h4 Rxe3
28. fxe3 Re8 29. h5 Bd3 30. Kf2 Re6 31. Ke1 h6 32. Kd2 Bh7 33. a4 Nf6 34. a5 a6
35. b4 Ne8 36. g5 hxg5 37. Qxg5+ Kf8 38. Na4 Nd6 39. Nc5 Ne4+ 40. Nxe4 Bxe4 41.
Qd8+ Kg7 42. Qc7 Rf6 43. Qe5 Bh7 44. Qg5+ Bg6 45. h6+ 1-0

[Event "4NCL 2014-15"]
[Site "Hinckley Island ENG"]
[Date "2015.03.28"]
[Round "7.177"]
[White "Holland, James P"]
[Black "Spencer, Carl J"]
[Result "1-0"]
[WhiteElo "2252"]
[BlackElo "2194"]
[WhiteTeam "Grantham Sharks 1"]
[BlackTeam "Cambridge University 1"]
[WhiteFideId "416835"]
[BlackFideId "412171"]
[EventDate "2014.11.15"]

1. Nf3 e6 2. g3 d5 3. Bg2 Nf6 4. O-O Be7 5. d4 O-O 6. c4 Nbd7 7. Qc2 c5 8. cxd5
exd5 9. Nc3 c4 10. Ne5 Nb6 11. b3 Be6 12. bxc4 Nxc4 13. Nxc4 dxc4 14. d5 Bd7 15.
e4 Bc5 16. Rb1 Qc8 17. Bb2 Re8 18. Qd2 Rb8 19. Qf4 b5 20. e5 Nh5 21. Qg5 g6 22.
e6 fxe6 23. Ne4 Be7 24. Qe5 Kf7 25. d6 Bd8 26. g4 Rg8 27. gxh5 gxh5 28. Qxh5+ 1-0

[Event "4NCL 2014-15"]
[Site "Hinckley Island ENG"]
[Date "2015.03.28"]
[Round "7.178"]
[White "Needham, Sabrina"]
[Black "Summerscale, Claire E"]
[Result "1/2-1/2"]
[WhiteElo "1754"]
[BlackElo "1912"]
[WhiteTeam "Cambridge University 1"]
[BlackTeam "Grantham Sharks 1"]
[WhiteFideId "437930"]
[BlackFideId "410926"]
[EventDate "2014.11.15"]

1. d4 d5 2. Nf3 Nf6 3. Bg5 Bf5 4. e3 Nbd7 5. Bd3 Bxd3 6. Qxd3 c6 7. Nbd2 e6 8.
O-O Be7 9. c4 h6 10. Bf4 O-O 11. Ne5 Nxe5 12. Bxe5 Bd6 13. c5 Bxe5 14. dxe5 Nd7
15. Qd4 Qc7 16. f4 f6 1/2-1/2

[Event "4NCL 2014-15"]
[Site "Hinckley Island ENG"]
[Date "2015.03.28"]
[Round "7.181"]
[White "Conquest, Stuart C"]
[Black "Sanders, Isaac B"]
[Result "1/2-1/2"]
[WhiteTitle "GM"]
[BlackTitle "FM"]
[WhiteElo "2491"]
[BlackElo "2305"]
[WhiteTeam "e2e4.org.uk 1"]
[BlackTeam "Barbican 4NCL 1"]
[WhiteFideId "400181"]
[BlackFideId "417661"]
[EventDate "2014.11.15"]

1. d4 f5 2. Bg5 h6 3. Bf4 Nf6 4. Nd2 d6 5. e3 Nc6 6. Ngf3 g5 7. Bg3 Bg7 8. c3
O-O 9. Qc2 Qe8 10. Bd3 Nh5 11. d5 Ne5 12. Nxe5 dxe5 13. f3 e6 14. Bc4 Nxg3 15.
hxg3 exd5 16. Bxd5+ Kh8 17. e4 f4 18. g4 a5 19. a3 Qe7 20. Rd1 Rd8 21. Ba2 Bd7
22. Nb3 Bb5 23. c4 Rxd1+ 24. Kxd1 Be8 25. Ke2 b5 26. cxb5 Bxb5+ 27. Kf2 Rd8 28.
Rc1 a4 29. Nc5 Qd6 30. Kg1 Qd2 31. Ne6 Qe3+ 32. Kh1 Rd7 33. Rd1 Kh7 34. Kh2 Rxd1
35. Qxd1 Qf2 36. Qd5 1/2-1/2

[Event "4NCL 2014-15"]
[Site "Hinckley Island ENG"]
[Date "2015.03.28"]
[Round "7.182"]
[White "Devereaux, Maxim L"]
[Black "Sowray, Peter J"]
[Result "0-1"]
[WhiteTitle "IM"]
[BlackTitle "FM"]
[WhiteElo "2346"]
[BlackElo "2308"]
[WhiteTeam "Barbican 4NCL 1"]
[BlackTeam "e2e4.org.uk 1"]
[WhiteFideId "408280"]
[BlackFideId "400971"]
[EventDate "2014.11.15"]

1. e4 e5 2. Nf3 Nc6 3. Bc4 Nf6 4. Ng5 d5 5. exd5 Nd4 6. c3 b5 7. Bf1 Nxd5 8.
cxd4 Qxg5 9. Bxb5+ Kd8 10. Qf3 Bb7 11. Nc3 exd4 12. Ne4 Qe5 13. Be2 Nf4 14. d3
Bb4+ 15. Kf1 Nxe2 16. Qxe2 f5 17. Ng3 Qd5 18. Rg1 Re8 19. Bg5+ Kd7 20. Qc2 Bd6
21. f3 f4 22. Ne4 Rxe4 23. fxe4 Qxg5 24. Qa4+ Bc6 25. Qxd4 Rb8 26. Rc1 Rb4 27.
Qc3 Bb5 28. Ke1 Qe5 29. Qxe5 Bxe5 30. b3 Bxd3 31. Rd1 Rxe4+ 32. Kd2 Bb5 33. Rge1
Rxe1 34. Kxe1+ Bd6 35. Kf2 Ke6 36. a4 Bc6 37. Rc1 Bd5 38. b4 g5 39. h3 h5 40. b5
g4 41. hxg4 hxg4 42. a5 Bb4 43. Rxc7 Bxa5 44. Rg7 Bb6+ 45. Kf1 f3 46. gxf3 gxf3
47. Rg4 Ke5 0-1

[Event "4NCL 2014-15"]
[Site "Hinckley Island ENG"]
[Date "2015.03.28"]
[Round "7.183"]
[White "Longson, Alexander"]
[Black "Griffiths, Ryan Rhys"]
[Result "1/2-1/2"]
[WhiteTitle "FM"]
[BlackTitle "FM"]
[WhiteElo "2339"]
[BlackElo "2348"]
[WhiteTeam "e2e4.org.uk 1"]
[BlackTeam "Barbican 4NCL 1"]
[WhiteFideId "408093"]
[BlackFideId "2502054"]
[EventDate "2014.11.15"]

1. e4 c5 2. Nf3 d6 3. Bb5+ Nd7 4. d4 cxd4 5. Qxd4 a6 6. Bxd7+ Bxd7 7. c4 Rc8 8.
O-O Qc7 9. b3 e5 10. Qd3 b5 11. Na3 Qb7 12. Re1 h6 13. Bd2 Nf6 14. cxb5 axb5 15.
Bb4 Bc6 16. Rac1 Be7 17. Nxb5 O-O 18. Nxd6 Bxd6 19. Bxd6 Rfd8 20. Nxe5 Bxe4 21.
Rxc8 Rxc8 22. Qg3 Rc2 23. Ng4 Nxg4 24. Qxg4 Rxa2 25. h4 f5 26. Qg3 Rd2 27. b4
Rd3 28. f3 Qb6+ 29. Bc5 Qf6 30. Qf4 Bd5 31. b5 Rb3 32. b6 Bf7 33. Re7 Rxb6 34.
Bxb6 1/2-1/2

[Event "4NCL 2014-15"]
[Site "Hinckley Island ENG"]
[Date "2015.03.28"]
[Round "7.184"]
[White "Rogers, Jonathan W"]
[Black "Galliano, Alexander"]
[Result "1-0"]
[WhiteTitle "FM"]
[WhiteElo "2277"]
[BlackElo "2114"]
[WhiteTeam "Barbican 4NCL 2"]
[BlackTeam "e2e4.org.uk 1"]
[WhiteFideId "402052"]
[BlackFideId "403695"]
[EventDate "2014.11.15"]

1. d4 g6 2. e4 Bg7 3. f4 d6 4. Nf3 Nd7 5. Bd3 c5 6. d5 b5 7. a4 bxa4 8. Rxa4 Nb6
9. Ra3 c4 10. Be2 Nf6 11. Nc3 O-O 12. O-O e6 13. dxe6 fxe6 14. e5 Nfd5 15. Nxd5
exd5 16. Be3 dxe5 17. Nxe5 Be6 18. Nc6 Qc7 19. Nd4 Bf7 20. f5 Be5 21. Kh1 Rfe8
22. Bg1 Kh8 23. Qd2 gxf5 24. Nxf5 Bg6 25. Raf3 Rad8 26. c3 Na4 27. Nh6 Bg7 28.
Nf7+ Bxf7 29. Rxf7 Rd7 30. Bh5 Rg8 31. Bd4 Qd6 32. Rxd7 Qxd7 33. Rf7 Qd6 34. Qf2
Qh6 35. h3 Qc1+ 36. Kh2 Qg5 37. Rxg7 1-0

[Event "4NCL 2014-15"]
[Site "Hinckley Island ENG"]
[Date "2015.03.28"]
[Round "7.185"]
[White "Jackson, James P"]
[Black "Knott, Simon J B"]
[Result "0-1"]
[WhiteTitle "FM"]
[BlackTitle "IM"]
[WhiteElo "2313"]
[BlackElo "2316"]
[WhiteTeam "e2e4.org.uk 1"]
[BlackTeam "Barbican 4NCL 1"]
[WhiteFideId "416860"]
[BlackFideId "400645"]
[EventDate "2014.11.15"]

1. e4 e6 2. d4 d5 3. Nc3 Bb4 4. e5 c5 5. a3 Bxc3+ 6. bxc3 Ne7 7. Qg4 O-O 8. Bd3
Nbc6 9. Qh5 Ng6 10. Nf3 Qc7 11. Be3 c4 12. Bxg6 fxg6 13. Qg4 b5 14. h4 Rf5 15.
h5 gxh5 16. Rxh5 Rxh5 17. Qxh5 Qf7 18. Qh2 a5 19. Kd2 Ra7 20. Rh1 h6 21. Nh4 b4
22. g4 bxc3+ 23. Kxc3 Qf8 24. Bc1 Nb4 25. g5 Na2+ 26. Kb2 Nxc1 27. gxh6 c3+ 28.
Kxc1 g5 29. Rg1 Kh7 30. Qg3 Qxa3+ 31. Kd1 Ba6 32. Qxg5 Qa1+ 33. Qc1 Qxc1+ 34.
Kxc1 Rf7 35. Rg3 Rf4 36. Nf3 Kxh6 37. Nh2 Be2 38. Rxc3 Rxf2 39. Rh3+ Kg5 40. Rh8
Bh5 41. Rg8+ Kh4 0-1